Top 50 Rap Songs of the 2000s - Statistics

General Stats
  • This quiz has been taken 157 times
  • The average score is 18 of 51
Answer Stats
# Song Artist % Correct
4 Stan Eminem
97%
45 The Real Slim Shady Eminem
97%
46 Till I Collapse Eminem
97%
7 All Falls Down Kanye West
85%
9 Through the Wire Kanye West
85%
10 Jesus Walks Kanye West
85%
3 Ms Jackson Outkast
85%
5 B.O.B Outkast
85%
38 So Fresh, So Clean Outkast
85%
21 Heart of the City Jay-Z
83%
26 99 Problems Jay-Z
83%
23 Pursuit of Happiness Kid Cudi
62%
25 Day N Nite Kid Cudi
62%
1 All Caps MF DOOM
57%
2 Rapp Snitch Knishes MF DOOM
57%
6 Accordion MF DOOM
57%
8 Paper Planes M.I.A
46%
24 Hate it or Love It The Game
42%
16 Clint Eastwood Gorillaz
41%
44 Dirty Harry Gorillaz
41%
43 Purple Nas
41%
45 Doo Rags Nas
41%
40 Stepfather Factory El-P
24%
14 Be (Intro) Common
21%
28 The 6th Sense Common
21%
36 The Light Common
21%
41 Kick, Push Lupe Fiasco
18%
30 Int'l Players Anthem UGK
14%
12 Time: The Donut of the Heart J Dilla
11%
15 Don't Cry J Dilla
11%
19 Stop J Dilla
11%
33 Mr Me Too Clipse
9%
34 Grindin' Clipse
9%
22 Hard in the Paint Waka Flocka Flame
9%
18 Auditorium Mos Def
8%
11 3030 Deltron 3030
6%
47 Madness Deltron 3030
6%
27 One Ghostface Killah
5%
37 Nutmeg Ghostface Killah
5%
48 The Champ Ghostface Killah
5%
42 Shine Blockas Big Boi
4%
29 Can't Stop This The Roots
3%
35 Game Theory The Roots
3%
39 Don't Feel Right The Roots
3%
17 Daylight Aesop Rock
2%
20 None Shall Pas Aesop Rock
2%
31 Dancing in the Rain Blu & Exile
2%
49 The World is (Below the Heavens) Blu & Exile
2%
50 In Remembrance of Me Blu & Exile
2%
13 Iron Galaxy Cannibal Ox
1%
32 Pigeon Cannibal Ox
1%
No matching quizzes found
Score Distribution
Percent of People with Each Score
Percentile by Number Answered
Your Score History
You have not taken this quiz